[Event "Parana-chT 55th"]
[Site "Maringa"]
[Date "2012.09.24"]
[Round "1.2"]
[White "Mroczkoski Silva, Camila"]
[Black "Biedermann, Saynne Schwab"]
[Result "0-1"]
[WhiteElo "1688"]
[BlackElo "1657"]
[PlyCount "100"]
[EventDate "2012.09.24"]
[EventType "team-swiss"]
[EventRounds "7"]
[EventCountry "BRA"]
[SourceTitle "EXT 2014"]
[Source "ChessBase"]
[SourceDate "2013.11.20"]
[SourceVersion "1"]
[SourceVersionDate "2013.11.20"]
[SourceQuality "1"]
[WhiteTeam "Sao Jose dos Pinhais"]
[BlackTeam "Ponta Grossa"]
[WhiteTeamCountry "BRA"]
[BlackTeamCountry "BRA"]

1. Nf3 Nf6 2. d4 d6 3. Bf4 g6 4. e3 Bg7 5. Bd3 0-0 6. 0-0 Nbd7 7. Nc3 Re8 8. Re1 e5 9. Bg5 h6 10. Bh4 c6 11. e4 exd4 12. Nxd4 Qb6 13. Bc4 Ne5 14. b3 Nh5 15. Nf3 Nxc4 16. bxc4 Bxc3 17. Rb1 Qc7 18. Re3 Bg7 19. Rd3 Bf8 20. Bg3 Nxg3 21. fxg3 Be6 22. Rdb3 b6 23. Rc3 Rad8 24. Nd4 Bg7 25. Nxe6 Rxe6 26. Re3 c5 27. Qf3 Bd4 28. Qf4 Kg7 29. Rbb3 Rde8 30. Kf1 Rf6 31. Qxf6+ Bxf6 32. Re1 Qc6 33. Ra3 a5 34. Rae3 Qa4 35. R3e2 Qxc4 36. Kf2 Bd4+ 37. Kf3 Qc3+ 38. Re3 Bxe3 39. Rxe3 Qxe3+ 40. Kxe3 d5 41. Kf4 Rxe4+ 42. Kf3 Rc4 43. Ke3 Rxc2 44. Kd3 Rxa2 45. Kc3 b5 46. Kb3 Re2 47. Kc3 a4 48. Kd3 a3 49. Kxe2 a2 50. Kf3 a1Q 0-1